[Event "RUS-ch 56th"]
[Site "Krasnoyarsk"]
[Date "2003.09.12"]
[Round "9"]
[White "Yandarbiev, Ruslan"]
[Black "Beznosikov, Vladimir"]
[Result "1-0"]
[WhiteElo "2424"]
[BlackElo "2445"]
[Annotator "Mueller,Karsten"]
[PlyCount "73"]
[EventDate "2003.09.03"]
[EventType "swiss"]
[EventRounds "9"]
[EventCountry "RUS"]
[SourceTitle "CBM 098"]
[Source "ChessBase"]
[SourceDate "2004.02.03"]
[SourceVersion "1"]
[SourceVersionDate "2004.02.03"]
[SourceQuality "1"]

1. e4 d5 2. exd5 Nf6 3. Nf3 Nxd5 4. d4 g6 5. c4 Nb6 6. a4 $5 a5 7. c5 (7. Be2
$6 Bg7 8. O-O Bg4 9. c5 Nd5 10. Qb3 Nc6 $1 11. Nc3 (11. Qxb7 $2 Ndb4 $17 {
[%cal Ga8b8]}) 11... Bxf3 12. Bxf3 Ndb4 $132 {0-1 Cipolli,A-Man Yee,C/Sao
Caetano 1998/EXT 99 (22)}) 7... Nd5 8. Bc4 Bg7 $6 (8... Nc6 $5 9. Nc3 Ncb4 $14
(9... Be6 $6 10. Qb3 $36)) 9. Qb3 $1 c6 $6 (9... e6 10. Nc3 Ne7 11. Bf4 O-O 12.
O-O Nbc6 $6 13. Nb5 $16) 10. Nc3 O-O 11. O-O (11. Nxd5 cxd5 12. Bxd5 Nc6 13.
Be3 {kommt ebenfalls stark in Frage.}) (11. Bxd5 $6 cxd5 12. Qxd5 (12. Nxd5 $2
Be6 $19) 12... Nc6 $44) 11... Nxc3 $6 (11... Nc7 12. Be3 (12. Ng5 $5) 12...
Nba6 13. d5 Nxd5 (13... Bg4 $5) 14. Nxd5 cxd5 15. Bxd5 Nb4 16. Bc4 Bg4 17. Ng5
$11 {/+/= 1/2-1/2 Privalov,Y-Kutsyk,I/Alushta 1999/EXT 2001 (46). (46)}) 12.
bxc3 Na6 (12... h6 13. Ne5 e6 14. Bf4 $16) 13. Ng5 $1 {provoziert} e6 {wonach
die ganzen schwarzen Felder im schwarzen Lager geschwächt sind.} 14. Ne4 Nc7
15. Bg5 $16 Qd7 16. Nf6+ Bxf6 17. Bxf6 {dieser Läufer ist eine Macht!} Ne8 18.
Be5 f6 19. Bg3 Ng7 20. Rfe1 Re8 21. Ra2 Qf7 22. Rae2 h5 23. Qb1 Kh7 24. Ba2 Nf5
25. Bf4 Kg7 26. Bc4 Ne7 27. Qb3 (27. Bxe6 Bxe6 28. Rxe6 Nd5 $1 {ist Weiß
bereits zu wenig.}) 27... Nd5 28. Bd2 (28. Bg3 $5 {kam sehr stark in Betracht.}
) 28... Bd7 29. Qc2 b5 30. cxb6 Nxb6 31. Bb3 Nd5 32. Qd3 Rab8 33. Bc2 $6 Rb2 $6
(33... e5 $5 34. Qa6 $5 (34. dxe5 $2 Bf5 $15) (34. Qg3 Rb2 35. Bc1 Rxc2 36.
Rxc2 exd4 37. Bd2 Rxe1+ 38. Bxe1 Qe6 $44) 34... exd4 35. cxd4 Nb4 $14) 34. Bc1
Rb6 35. Qg3 $6 (35. Qd2 Rh8 36. Ba3 Rd8 37. Bc5 Rb2 38. Qc1 Rbb8 (38... Rdb8 $2
39. Bxg6 $18) 39. c4 Nb4 40. Bb1 $16) 35... c5 36. dxc5 Rc6 37. c4 {Gab
Schwarz auf oder hat er die Zeit überschritten? Die Lage ist jedenfalls noch
keineswegs klar, z.B.} (37. c4 Nb4 38. Bb1 (38. Be4 Rxc5 39. Qe3 Rec8 40. Qh6+
Kg8 41. Bxg6 Qg7 $132) (38. Bb3 $5) 38... Rxc5 39. Qe3 Rec8 40. Qh6+ Kg8 41.
Be3 Qg7 42. Qxg7+ Kxg7 43. Bxc5 Rxc5 $14) 1-0

[Event "Mermaid Beach Club"]
[Site "Bermuda"]
[Date "1999.01.27"]
[Round "7"]
[White "Chandler, Murray G"]
[Black "Forster, Richard"]
[Result "1-0"]
[WhiteElo "2520"]
[BlackElo "2468"]
[Annotator "Mueller,Karsten"]
[PlyCount "49"]
[EventDate "1999.01.21"]
[EventType "tourn"]
[EventRounds "13"]
[EventCountry "BER"]
[EventCategory "9"]
[SourceTitle "CBM 069"]
[Source "ChessBase"]
[SourceDate "1999.04.01"]
[SourceVersion "1"]
[SourceVersionDate "1999.04.01"]
[SourceQuality "1"]

1. e4 d5 2. exd5 Qxd5 3. Nc3 Qa5 4. d4 c6 5. Bc4 Bf5 6. Bd2 e6 {Schwarz spielt
"Königsspringerzurückhaltungspolitik", um z.B. die Hectorvariante 6...Sf6 7.
Df3 zu vermeiden.} 7. g4 $5 ({neben Übergängen in die Hauptvarianten ist auch
hier schon} 7. Qf3 {versucht worden:} Bb4 (7... Bxc2 $6 8. d5 $36) 8. Qg3 Bg6
9. Nge2 (9. O-O-O Nf6 10. a3 $6 Bxa3 $1 11. Nd5 $2 (11. Na2 $6 Qa4 12. Bb3 Qa6
13. bxa3 Ne4 14. Qe3 Qxa3+ 15. Kb1 Nxf2 $17) (11. Nb5 $1 Bxb2+ (11... Bb4 12.
Bxb4 Qa1+ 13. Kd2 Ne4+ 14. Ke1 Qxd1+ 15. Kxd1 Nxg3 16. Nd6+ Kd7 17. hxg3 a5 18.
Bc5 b6 19. Nxf7 Bxf7 20. Bxb6 $13) 12. Kxb2 Qb6 13. Ba5 Qxa5 14. Nc7+ Ke7 15.
Nxa8 Nbd7 $132) 11... Bb4 12. Nc7+ Kd7 13. Bxb4 Qa1+ 14. Kd2 Ne4+ 15. Ke3 Qxd1
16. Qe5 Qc1+ 17. Kf3 f6 $19 {0-1 Klinova,M-Stefanova,A/Elista 1998/CBM Extra
66 (21)}) 9... Nf6 10. a3 O-O 11. O-O Bxc3 12. Bxc3 Qb6 $11 {/+/= 1/2-1/2
Nisipeanu,L-Mueller,K/Hamburg 1998/CBM 64 ext (22)}) 7... Bg6 8. Nh3 (8. Nge2
Nf6 9. Nf4 Bb4 10. f3 Nd5 $132 {1/2-1/2 Doncevic,D-Jackelen,T/BL2-W 1996/BL2 
(39)}) 8... Qb6 (8... Nf6 $5 {denn nach} 9. Nd5 Qd8 10. Nxf6+ Qxf6 11. Bg5 {
geht noch} Bxc2 $1 12. Qxc2 Qf3) 9. Qe2 Nd7 (9... Bxc2 10. d5 $36) (9... Qxd4
$2 10. O-O-O {gibt Weiß mehr als genug Kompensation für den Bauern, z.B.} Qb6 (
10... Nd7 11. Bxe6 fxe6 12. Qxe6+ Ne7 13. Be3 Nc5 14. Qxg6+ hxg6 15. Bxd4 $16)
11. Nf4 Bb4 (11... Ne7 12. h4 h6 13. Rhe1 Nd7 14. Bxe6 fxe6 15. Nxe6 $18) 12.
h4 Nf6 13. h5 Bxc3 14. Bxc3 $18) (9... Qxb2 $2 10. Rb1 Qxc2 11. O-O $16) 10.
O-O-O O-O-O 11. Nf4 $14 Bd6 12. h4 Bxf4 13. Bxf4 {[%cal Gf4b8]} h5 14. g5 Ne7
15. Rh3 $1 {dieser Turmschwenk verleiht dem weißen Angriff erheblich mehr Wucht
} Rhe8 16. Bh2 Qa5 17. Re3 $5 (17. Nb5 cxb5 18. Bxb5 Nb8 $1 (18... Nc6 $2 19.
Ra3 Qb6 20. Ra6 $3 Bd3 21. Qxd3 Nc5 22. dxc5 Rxd3 23. cxb6 Rxd1+ 24. Kxd1 $18)
19. Rc3+ Nbc6 20. Qe5 Qb6 21. Qb8+ Kd7 22. Qd6+ $11) 17... Nb6 (17... Nf5 $2
18. Nb5 cxb5 (18... Nxe3 19. Nd6+ Kb8 20. Nxe8+ e5 21. dxe5 $18) 19. Rc3 e5 (
19... Qxc3 20. bxc3 a6 21. Bb3 $18) 20. Bxb5+ Kb8 21. dxe5 Qxa2 22. Ra3 $18)
18. Bb3 Ned5 19. Nxd5 Nxd5 20. Re5 b5 21. Qf3 Kd7 $2 (21... Kb7 $142 $14) {
[%tqu "De","Wie kann Weiß einen sehr gefährlichen Angriff vom Zaum brechen ?",
"viele Felder hat der König nicht mehr...","Es ist ein Läuferzug","b3d5",
"nutzt die sehr gefährdete Lage des schwarzen Königs sofort aus",8]} 22. Bxd5
$1 {[%mdl 128]} cxd5 $2 (22... exd5 $1 23. Rxd5+ Ke7 (23... Kc8 $2 24. Rc5 Be4
25. Qxf7 $18) 24. Re5+ Kf8 25. Rxe8+ Rxe8 26. Qxc6 Re2 $1 27. Bc7 Qa6 $3 28.
Qxa6 (28. Qa8+ $2 Re8 29. Qd5 Kg8 $44) 28... Rxc2+ 29. Kb1 Rc6+ 30. Ka1 Rxa6
31. d5 $14 {/+/-}) 23. Rxd5+ Ke7 (23... exd5 $2 24. Qxd5+ Ke7 25. Qc5+ Ke6 26.
Qe5+ Kd7 27. Qd6+ Kc8 28. Qc6+ Qc7 29. Qxc7#) 24. Rxb5 $1 Qxa2 $2 (24... Rc8
25. Rxa5 (25. Rc5 $5) 25... Rxc2+ 26. Kb1 Rxf2+ 27. Ka1 Rxf3 28. Rxa7+ $16) (
24... Qxb5 $2 25. Qa3+ Kd7 26. Qd6+ Kc8 27. Qc7#) {[%tqu "En","How do you
finish him off ?","","","f3c3","Weiß droht Dc5+ nebst matt und Ta5 mit
Damengewinn, das ist zuviel auf einmal.",6,"f3c3","",0,"De","Mit welchem Zug
veranlaßte Murray Chandler seinen Gegner zur Aufgabe ?","Das schwarze
Königspaar ist sehr exponiert","Es ist ein Damenzug.","f3c3","Weiß droht Dc5+
nebst matt und Ta5 mit Damengewinn, das ist zuviel auf einmal.",6,"f3c3","",0]}
25. Qc3 $1 (25. Qc3 $1 Kf8 (25... Rc8 26. Qb4+ Kd8 27. Qd6#) 26. Ra5 $18) 1-0

[Event "Mermaid Beach Club"]
[Site "Bermuda"]
[Date "1999.01.23"]
[Round "3"]
[White "Nataf, Igor Alexandre"]
[Black "Waitzkin, Joshua"]
[Result "1/2-1/2"]
[WhiteElo "2475"]
[BlackElo "2467"]
[Annotator "Mueller,Karsten"]
[PlyCount "49"]
[EventDate "1999.01.21"]
[EventType "tourn"]
[EventRounds "13"]
[EventCountry "BER"]
[EventCategory "9"]
[SourceTitle "CBM 069"]
[Source "ChessBase"]
[SourceDate "1999.04.01"]
[SourceVersion "1"]
[SourceVersionDate "1999.04.01"]
[SourceQuality "1"]

1. e4 d5 2. exd5 Qxd5 3. Nc3 Qa5 4. d4 c6 5. Nf3 Bf5 6. Bc4 Nf6 7. Bd2 e6 8.
Nd5 Qd8 9. Nxf6+ Qxf6 10. Qe2 Nd7 $1 $146 {[%mdl 8] dieser von Matthias Wahls
in "Modernes Skandinavisch" (S.206) empfohlene Zug wird von Waitzkin
erfolgreich in die Praxis eingeführt.} (10... Bg4 11. d5 Bxf3 12. gxf3 cxd5 13.
Bxd5 Nd7 14. O-O-O Ba3 $2 (14... O-O-O $142 15. Be4 Bd6 16. Be3 Nb6 $11 {
/+/= (Wahls)}) 15. c3 O-O 16. Be4 $1 $14 {/+/- 1-0 Shirov,A-Salov,V/Madrid
1997/CBM 59/[Shirov] (29)}) (10... Bxc2 11. d5 (11. Bc3 $5 {(Finkel in CBM 59)}
) 11... Qxb2 12. O-O $44 {(Donev in CBM 59)}) 11. d5 (11. O-O-O Nb6 12. Bb3 Bg4
13. d5 Bxf3 14. gxf3 cxd5 15. Bxd5 O-O-O 16. Be4 Bc5 $11 {(Wahls)}) 11... cxd5
12. Bxd5 Be7 $5 {wirkt noch überzeugender als das von Wahls angegebene} (12...
Qxb2 13. O-O Bc5 14. Nh4 (14. Rfc1 $5 {(Fritz5)}) 14... Bxc2 15. Bxe6 fxe6 16.
Qxe6+ Kd8 $13) 13. Bc3 (13. Bxb7 $2 Qxb2 14. Bxa8 Qxa1+ $17) 13... Bb4 $1 14.
Bxb4 Qxb2 15. O-O Qxb4 16. Rab1 Qa4 17. Rxb7 (17. Bxb7 Rb8 (17... Rd8 $5) 18.
Ne5 O-O 19. Nc6 Rbe8 20. Nb4 Rb8 $11) 17... O-O (17... Qxc2 $2 18. Qxc2 Bxc2
19. Bc6 O-O-O 20. Rc1 Nb8 21. Be4 Rd1+ 22. Rxd1 Bxd1 23. Rxf7 $18) 18. Bb3 Qc6
19. Rb4 Nb6 20. Nh4 (20. Nd4 Qc3 $11) 20... a5 21. Nxf5 exf5 (21... axb4 $4 22.
Ne7+ $18) 22. Rh4 a4 23. Bc4 Nxc4 24. Rxc4 Qb5 25. Qd3 1/2-1/2

[Event "New York op"]
[Site "New York"]
[Date "1998.03.16"]
[Round "2"]
[White "Benjamin, Joel"]
[Black "Waitzkin, Joshua"]
[Result "1-0"]
[WhiteElo "2595"]
[BlackElo "2465"]
[Annotator "Mueller,Karsten"]
[PlyCount "89"]
[EventDate "1998.03.16"]
[EventType "swiss"]
[EventRounds "9"]
[EventCountry "USA"]
[SourceTitle "CBM 064"]
[Source "ChessBase"]
[SourceDate "1998.06.02"]
[SourceVersion "1"]
[SourceVersionDate "1998.06.02"]
[SourceQuality "1"]

1. e4 d5 2. exd5 Qxd5 3. Nc3 Qa5 4. d4 c6 5. Nf3 Bf5 6. Bc4 Nf6 7. Bd2 e6 8.
Ne4 $5 {"Ein seltener, jedoch keineswegs harmloser Zug. Sein Ziel besteht
darin, den Springer c3 mit Tempogewinn nach g3 zu überführen. Wenn es im
Skandinavier überhaupt ein Abspiel gibt, was den Titel "Modevariante" verdient,
dann wohl am ehesten jenes mit 8.Se4. Abgesehen von einer Partie aus dem Jahre
1987 datieren alle Partien dieser Übersicht aus 1994 oder späteren Jahren.
Interessant ist auch, daß es vor allem starke Spieler sind, die sich von
dieser Spielidee angezogen fühlen...."(Zitat: M.Wahls, Survey B01/8.Ne4/CBM 57)
} Qb6 $5 {Joshua Waitzkin hat eine Vorliebe für diesen Zug im Skandinavier.
Beim Turnier auf Bermuda spielte er gegen mich nach 1.e4 d5 2.exd5 Dxd5 3.Sc3
Da5 4.d4 c6 5.Lc4 Sf6 6.Ld2 ebenfalls Db6.} (8... Qd8 $6 9. Ng3 Bg6 (9... Bg4
10. c3 Nbd7 (10... Nh5 11. Qb3 Nxg3 12. hxg3 Bxf3 13. Qxb7 Bxg2 14. Rh2 Nd7 15.
Rxg2 $14 {1-0 Golod,V-Sergeev,V/Hlohovec op 1994/EXT 94op (36)}) 11. h3 Bxf3
12. Qxf3 {Bologan,V-Ionov,S/RUS-chT Kazan 1995/CBM 51/1-0 (50) Donev:" +/=
Weiß besitzt das Läuferpaar und Raumvorteil."}) 10. h4 $5 (10. c3 Nbd7 11. O-O
Be7 12. Qe2 $14 {Goldberg,A-Jackelen,T/BL9394 1994/BL 90/1-0 (50)}) 10... Nh5 (
10... h5 11. Bg5 Nbd7 12. Qe2 $14) (10... h6 11. Ne5 Bh7 12. Qe2 Nd5 13. O-O-O
$36 {Arakhamia,K-Olbrich,M/Erevan olw 1996/EXT 96ch2/1-0 (49)}) 11. Qe2 Nd7 (
11... Nxg3 12. fxg3 Bxc2 13. Bc3 Bf5 14. Ne5 Be7 15. O-O $44) 12. O-O-O Bd6 13.
Ne5 Nxg3 14. fxg3 $14 {1-0 Svidler,P-Oll,L/Ter Apel 1996/CBM 53/[Bangiev] (23)}
) (8... Qc7 {ist die Hauptvariante siehe z.B. den Survey von Matthias Wahls im
CBM 57.}) 9. Ng3 (9. Nxf6+ gxf6 10. Bc3 $6 (10. O-O $5 Qxb2 11. Rb1 Qxc2 12.
Qxc2 Bxc2 13. Rxb7 $36 Be4 14. Re1 $5 Bxf3 $2 15. Bxe6 $3 fxe6 16. Rxe6+ Kd8
17. Ba5+ $18) (10. Bb3 $5) 10... Nd7 11. Qe2 O-O-O 12. O-O-O Qc7 13. g3 Bg4 14.
h3 Bh5 15. g4 $6 Bg6 $11 {Erler,R-Ochs,H/BL2-O 1995/BL2/0-1 (46)}) 9... Bg4 10.
Bb3 a5 (10... Bxf3 $5 {wäre meiner Meinung nach die konsequente Fortsetzung
des schwarzen Spiels. Wegen des großen weißen Entwicklungsvorsprunges dürfte
es allerdings nicht jedermanns Sache sein, z.B.} 11. Qxf3 Qxd4 12. O-O-O Nbd7
$44) 11. c3 a4 (11... Bxf3 $5 12. gxf3 (12. Qxf3 a4 13. Bc4 Qxb2 14. Ke2 $44)
12... Nbd7 $132 (12... a4 13. Bxa4 Qxb2 14. Rb1 Qa3 15. Rxb7 $13)) 12. Bxa4
Qxb2 $6 13. Rb1 Qa3 $6 (13... Bxf3 14. Rxb2 (14. gxf3) 14... Bxd1 15. Bxd1 b5
$14) (13... Qxa2 $2 14. Ra1 Qxa1 (14... Qb2 $2 15. Bxc6+ $18) 15. Qxa1 b5 16.
Ne5 $16) 14. Bb3 Bd6 15. h3 Bxg3 $2 {dies gibt Weiß mit dem Läuferpaar und der
Möglichkeit g4-g5-g6 einen gefährlichen Königsangriff.} ({Mit} 15... Bxf3 {
mußte die Notbremse gezogen werden, wenngleich die Stellung nach} 16. Qxf3 Nbd7
17. O-O $14 {nicht erstrebenswert ist.}) 16. hxg4 $1 Bc7 17. g5 Nd5 (17... Ne4
18. g6 fxg6 (18... Nxd2 $2 19. gxf7+ $18) 19. Qe2 Nxd2 20. Nxd2 $16) 18. g6 $1
{entwurzelt den Bauern e6 und macht damit die Lage des schwarzen Königs sehr
prekär.} fxg6 19. Ng5 Qe7 20. Qe2 $6 (20. Nxh7 $1 {ist gemäß Fritz3 noch
genauer:} Kd8 21. Rh3 $16) 20... Kd7 (20... Nxc3 $5 21. Bxc3 Qxg5 22. Bxe6 Kd8
23. Kf1 $40) 21. Kf1 h6 22. Re1 Re8 23. Bxd5 (23. Ne4 {ist wegen} Na6 {nicht
gut.}) 23... hxg5 (23... exd5 $4 24. Qg4+ $18) (23... cxd5 $2 24. Qb5+ Nc6 25.
Rxe6 $18) 24. Bb3 {die schwarze Bauernstruktur am Königsflügel ist total
ruiniert und alle weißen Figuren stehen aktiv - und das alles für einen
einzigen Bauern...} Qf6 25. Rh3 Ra5 26. Re3 e5 (26... Rh8 {stellt zwar eine
nette Falle, rettet Schwarz aber nicht wirklich:} 27. Qg4 (27. Bxe6+ $4 Qxe6
28. Rxe6 $2 Rh1#) 27... Bf4 (27... Rf5 28. Bxe6+ Kd8 29. Bxf5 Rh1+ 30. Ke2 gxf5
31. Qf3 g4 32. Re8+ Kxe8 33. Qe3+ $18) 28. Rxe6 Rh1+ 29. Ke2 Rxe1+ 30. Bxe1 Qf5
31. Qxf5 gxf5 32. Rg6 $18) 27. c4 $1 Rh8 28. Qg4+ Qf5 (28... Kd8 $2 29. Rf3
Rh1+ 30. Ke2 Rh4 31. Rxf6 Rxg4 32. Rf8+ $18) 29. Qxf5+ gxf5 30. Bxa5 Bxa5 31.
Rd1 e4 $6 {das folgende lasse ich unkommentiert, da es für Joel Benjamin nur
eine Sache der Technik ist:} (31... Rh1+ 32. Ke2 Rxd1 33. Kxd1 exd4 34. Re5 Bd8
35. Rxf5 Bf6 $16) 32. f3 $18 exf3 33. Rxf3 g6 34. Rh3 Rh5 35. Ke2 Bb6 36. c5
Bd8 37. Bf7 Rxh3 38. gxh3 Bf6 39. Kd3 Na6 40. Bxg6 f4 41. Bf5+ Kc7 42. Kc4 Kb8
43. d5 Nc7 44. dxc6 bxc6 45. Be4 1-0

[Event "Clarin GP final"]
[Site "Villa Gesell"]
[Date "1997.03.08"]
[Round "6"]
[White "Rosito, Jorge"]
[Black "Rodriguez Vila, Andres"]
[Result "1/2-1/2"]
[WhiteElo "2460"]
[BlackElo "2565"]
[Annotator "Mueller,Karsten"]
[PlyCount "81"]
[EventDate "1997.03.02"]
[EventType "tourn"]
[EventRounds "11"]
[EventCountry "ARG"]
[EventCategory "11"]
[SourceTitle "CBM 058"]
[Source "ChessBase"]
[SourceDate "1997.06.01"]
[SourceVersion "1"]
[SourceVersionDate "1997.06.01"]
[SourceQuality "1"]

1. e4 d5 2. exd5 Qxd5 3. Nc3 Qa5 4. d4 Nf6 5. Bc4 Bg4 6. f3 Bf5 (6... Bh5 7.
Nge2 e6 8. g4 Bg6 9. h4 Qb4 10. Bb3 h6 11. a3 Qe7 12. Nf4 Bh7 13. Qe2 Nc6 14.
Be3 e5 15. dxe5 (15. Nfd5 $5 Nxd5 16. Nxd5 Qd7 17. dxe5 O-O-O 18. O-O-O $16)
15... Qxe5 16. g5 Nd7 (16... hxg5 $5 17. hxg5 O-O-O 18. gxf6 Bd3 19. Rxh8 Bxe2
$40) 17. g6 Bxg6 18. Nxg6 fxg6 19. f4 Qh5 $11 {Gelman,A-Kvasov,D/Kstovo op
1994/1/2-1/2 (48)}) 7. Nge2 e6 (7... c6 8. g4 Bg6 9. Nf4 (9. h4 h6 10. Nf4 Bh7
11. Qe2 Na6 12. Be3 Nb4 13. Bb3 Nfd5 14. Nfxd5 Nxd5 15. Bd2 Nxc3 16. Bxc3 $14 {
Palac,M-Prie,E/Nice 1994 1-0 (36)}) 9... Nbd7 10. h4 e5 11. h5 Bf5 12. gxf5
exf4 13. Qd3 Qc7 14. Qe2+ $40 {Yudasin,L-Oll,L/Dos Hermanas 1992 1-0 (38)}) (
7... Nc6 8. Bd2 O-O-O 9. a3 (9. Nb5 $6 Qb6 10. a4 a5 11. g4 Bg6 12. h4 h6 13.
h5 Bh7 14. c3 e5 $36 {Buecker,S-Jackelen,T/BL 1994 0-1 (40)}) 9... Nxd4 10.
Nxd4 Rxd4 11. Nb5 Rxd2 12. Qxd2 Qxd2+ 13. Kxd2 a6 14. Nd4 Bg6 15. Bd3 $14 {
Palac,M-Tasic,B/Nice 1994 1-0 (35)}) (7... Nbd7 8. g4 Bg6 9. Nf4 e5 10. Nxg6
hxg6 11. g5 $6 Nh5 12. Bd2 Bd6 13. Qe2 Ng3 14. Ne4 Nxe2 15. Bxa5 Nxd4 $17 {
Perdomo,C-Peredy,F/Budapest FS11 IM-A 1995/0-1 (50)}) 8. Bd2 Qb6 9. g4 Bg6 10.
h4 h6 (10... Qxb2 $2 11. Bb3 h5 (11... Qa3 12. h5 $18) 12. Nb5 Na6 (12... Bxc2
13. Bxc2 Qxb5 $4 14. Ba4 $18) 13. Rb1 $18) 11. a4 a6 12. Bb3 (12. a5 $2 Qc6 $1
$17) 12... Nbd7 13. a5 Qa7 14. Be3 O-O-O 15. Qc1 Bd6 16. Kf2 Rhe8 17. Na4 Nd5
18. Bxd5 exd5 19. c4 dxc4 20. Qxc4 Kb8 21. b4 Re7 22. Ra3 Rde8 23. Nf4 Nf6 24.
Ng2 Ka8 25. d5 Qb8 26. Nc5 Qc8 27. b5 axb5 (27... Nd7 $5 {(Fritz4)} 28. bxa6
bxa6 29. Qxa6+ (29. Nxd7 Bxa3 30. Nc5 Bxc5 31. Qxc5 Qb7 $19) 29... Qxa6 30.
Nxa6 Bxa3 31. Nxc7+ Kb7 32. Nxe8 Rxe8 $17) 28. Qxb5 c6 29. a6 $1 cxb5 30. axb7+
Kb8 31. Ra8+ Kc7 32. bxc8=Q+ Rxc8 33. Ra7+ Kd8 34. Nb7+ Rxb7 35. Rxb7 Rc2+ 36.
Kg1 Nxd5 37. Rxb5 Nc3 (37... Rxg2+ $6 38. Kxg2 Nxe3+ 39. Kf2 Nc4 40. h5 Bh7 $13
) 38. Rb3 Ne2+ 39. Kf1 Ng3+ 40. Kg1 Nxh1 41. Kxh1 1/2-1/2

[Event "EU-chT (Men) 12th"]
[Site "Batumi"]
[Date "1999.12.07"]
[Round "9.2"]
[White "Gadjily, Raouf"]
[Black "Rocha, Sergio MC"]
[Result "1-0"]
[WhiteElo "2443"]
[BlackElo "2427"]
[Annotator "Mueller,Karsten"]
[PlyCount "71"]
[EventDate "1999.11.06"]
[EventType "team-swiss"]
[EventRounds "9"]
[EventCountry "GEO"]
[SourceTitle "CBM 074"]
[Source "ChessBase"]
[SourceDate "2000.02.01"]
[SourceVersion "1"]
[SourceVersionDate "2000.02.01"]
[SourceQuality "1"]
[WhiteTeam "Azerbaijan"]
[BlackTeam "Portugal"]
[WhiteTeamCountry "AZE"]
[BlackTeamCountry "POR"]

1. e4 d5 2. exd5 Nf6 3. Nf3 Qxd5 4. Nc3 Qa5 5. d4 c6 6. Bc4 Bg4 7. h3 Bxf3 (
7... Bh5 8. Bd2 (8. g4 Bg6 9. Ne5 (9. Bd2 Qb6 10. Qe2 e6 11. O-O-O $14 {
1/2-1/2 Kalka,A-Boidman,Y/2.BLW 9899 Andernach-Gelsenkirchen 1999/BL2 (56)})
9... Nbd7 10. Qe2 $14 {1-0 Brustman,A-Ermenkov,E/Aegina 1993/Inf 58/[Brustman,
A] (39)}) 8... e6 9. Nd5 Qd8 10. Nxf6+ Qxf6 11. g4 $14 {1-0 Chandler,M-Rogers,
I/Hong Kong 1984/Inf 37 (25)}) (7... Qh5 8. Be2 e6 9. O-O Bxf3 10. Bxf3 $14 {
1-0 Rodriguez Lopez,R-Hernandez,G/ESP-chT 1995/EXP 50 (27)}) 8. Qxf3 e6 9. Bd2
Qc7 10. O-O-O Nbd7 11. g4 Nb6 12. Bb3 Bd6 $2 (12... O-O-O $142 $11 {/+/=}) 13.
g5 Nfd5 14. Ne4 $1 Bf4 15. c4 Bxd2+ 16. Rxd2 Ne7 (16... Nf4 17. c5 Nbd5 18.
Nd6+ Kf8 $14 {/+/-}) 17. c5 $1 $16 Nbc8 (17... Nbd5 $2 18. Nd6+ Kd7 19. Qxf7
Raf8 20. Qxg7 $18) 18. h4 Nd5 19. h5 Qf4 20. Qe2 Nce7 21. h6 g6 22. Nd6+ Kf8 (
22... Kd7 23. Rg1 Rhf8 24. Nxb7 $16) 23. Rg1 Nf5 24. Bxd5 Nxd6 (24... cxd5 $6
25. Rg4 Qh2 26. Nxb7 $16) 25. cxd6 (25. Rg4 Qh2 26. Bg2 Nf5 27. Qe5 Qxe5 28.
dxe5 Ke7 29. Rb4 Rab8 $14) 25... cxd5 26. Qe5 Rc8+ $2 (26... Qxe5 $1 27. dxe5
Rc8+ $14 {/+/-}) 27. Kb1 Qf5+ $6 (27... Qxd2 $2 28. Qxh8#) (27... Qxe5 28. dxe5
Ke8 29. Rg4 $16) (27... Qe4+ 28. Qxe4 dxe4 29. d5 $16) 28. Qxf5 $18 gxf5 (28...
exf5 29. Re2 f6 (29... Rd8 30. Rge1 f6 31. Re6 $18) 30. Rge1 fxg5 31. Re6 Kf7
32. Re7+ Kf8 33. R1e6 $18) 29. Rc1 {[%mdl 4096]} Rd8 (29... Rxc1+ 30. Kxc1 Ke8
31. Rc2 Kd7 32. Rc7+ Kxd6 33. Rxf7 $18) 30. f4 Ke8 31. Rc7 Rxd6 32. Rxb7 Rd7
33. Rc2 Ke7 (33... Rxb7 34. Rc8+ Ke7 35. Rxh8 Rb4 36. Rxh7 Rxd4 37. g6 $18) 34.
Rcc7 Rxc7 (34... Rhd8 35. Rxa7 Rxc7 36. Rxc7+ Kf8 37. b4 $18) 35. Rxc7+ Kd6 36.
Rxf7 1-0